[Event "GRE-ch U20 Girls"]
[Site "Chania"]
[Date "2018.04.14"]
[Round "7"]
[White "Pramateftaki, Loukia"]
[Black "Karavitaki, Evaggelia"]
[Result "1/2-1/2"]
[WhiteElo "1695"]
[BlackElo "1733"]
[PlyCount "237"]
[EventDate "2018.04.10"]
[EventType "swiss"]
[EventRounds "9"]
[EventCountry "GRE"]
[SourceTitle "CBM 184 Extra"]
[Source "ChessBase"]
[SourceDate "2018.06.28"]
[SourceVersion "1"]
[SourceVersionDate "2018.06.28"]
[SourceQuality "1"]
[WhiteTeam "Greece"]
[BlackTeam "Greece"]
[WhiteTeamCountry "GRE"]
[BlackTeamCountry "GRE"]

1. e4 c5 2. Nf3 e6 3. d4 cxd4 4. Nxd4 Nf6 5. Nc3 d6 6. g3 Nc6 7. Bg2 Bd7 8. 0-0 Be7 9. Be3 a6 10. a3 0-0 11. h3 Na5 12. g4 Nc4 13. Bc1 Rc8 14. Kh1 d5 15. exd5 Nxd5 16. Nxd5 exd5 17. b3 Nb6 18. Bb2 Bf6 19. c3 Bc6 20. Qd3 Qd7 21. Rad1 Rcd8 22. f4 Qc7 23. g5 Bxd4 24. Qxd4 f6 25. h4 Nc8 26. Bh3 Ne7 27. Rde1 Rde8 28. Be6+ Kh8 29. a4 Bd7 30. Bxd7 Qxd7 31. Qd2 Qh3+ 32. Qh2 Qxh2+ 33. Kxh2 fxg5 34. fxg5 Nc6 35. Kg3 Kg8 36. Rxf8+ Rxf8 37. Ba3 Rd8 38. Bc5 d4 39. cxd4 Nxd4 40. b4 Nc6 41. Kf4 Kf7 42. h5 Rd7 43. Re3 g6 44. hxg6+ hxg6 45. Rh3 Kg7 46. Ke4 Rd1 47. b5 Nd8 48. Bd4+ Kf7 49. Rh7+ Ke8 50. Rh8+ Kd7 51. bxa6 bxa6 52. Bf6 Ne6 53. Rg8 Re1+ 54. Kf3 Rf1+ 55. Ke3 Re1+ 56. Kd2 Re4 57. Rxg6 Rxa4 58. Rg8 Nxg5 59. Rxg5 a5 60. Bc3 Ra2+ 61. Kc1 a4 62. Kb1 Re2 63. Rg4 a3 64. Ra4 a2+ 65. Ka1 Rg2 66. Bb2 Re2 67. Kxa2 Rg2 68. Kb3 Rh2 69. Bc3 Rh3 70. Kc4 Rh4+ 71. Bd4 Rh5 72. Ra3 Ke6 73. Rf3 Rf5 74. Rg3 Rh5 75. Rg6+ Kf5 76. Rf6+ Kg4 77. Kd3 Rf5 78. Re6 Rf3+ 79. Ke2 Rb3 80. Rf6 Kg5 81. Rf8 Kg6 82. Be3 Rb5 83. Rh8 Rh5 84. Rd8 Rf5 85. Kd3 Kf7 86. Rd6 Rf6 87. Rd5 Rg6 88. Bf4 Re6 89. Be5 Ra6 90. Ke4 Ra4+ 91. Kf5 Ra7 92. Bf6 Rb7 93. Rd6 Rb5+ 94. Be5 Rb7 95. Rh6 Ke8 96. Ke6 Re7+ 97. Kd6 Rd7+ 98. Kc6 Rf7 99. Bd6 Rf5 100. Rh7 Rf6 101. Rg7 Rf5 102. Re7+ Kd8 103. Re4 Rf6 104. Kd5 Rg6 105. Rf4 Kd7 106. Rf7+ Ke8 107. Rh7 Kd8 108. Re7 Rg8 109. Kc6 Rg6 110. Rf7 Rg8 111. Rf6 Ke8 112. Kd5 Kd7 113. Rf7+ Ke8 114. Rh7 Rg6 115. Ke5 Kd8 116. Rf7 Ke8 117. Ra7 Kd8 118. Kd5 Ke8 119. Bf4 1/2-1/2

[Event "GRE-ch U20 Girls"]
[Site "Chania"]
[Date "2018.04.10"]
[Round "1"]
[White "Pramateftaki, Loukia"]
[Black "Giotsa, Marilena"]
[Result "1-0"]
[WhiteElo "1695"]
[BlackElo "1008"]
[PlyCount "55"]
[EventDate "2018.04.10"]
[EventType "swiss"]
[EventRounds "9"]
[EventCountry "GRE"]
[SourceTitle "CBM 184 Extra"]
[Source "ChessBase"]
[SourceDate "2018.06.28"]
[SourceVersion "1"]
[SourceVersionDate "2018.06.28"]
[SourceQuality "1"]
[WhiteTeam "Greece"]
[BlackTeam "Greece"]
[WhiteTeamCountry "GRE"]
[BlackTeamCountry "GRE"]

1. e4 e5 2. Nf3 Nc6 3. Bc4 Bc5 4. c3 Nf6 5. d3 d6 6. Nbd2 0-0 7. Nf1 h6 8. Ng3 Re8 9. 0-0 Be6 10. Bb3 Bxb3 11. Qxb3 Bb6 12. Nf5 Kf8 13. Bd2 Qd7 14. Rfe1 Qe6 15. Qd1 Rad8 16. Qc1 Ng8 17. d4 exd4 18. cxd4 Qg6 19. d5 Ne5 20. Nxe5 dxe5 21. Bb4+ c5 22. dxc6+ Ne7 23. Nxe7 Rxe7 24. Bxe7+ Kxe7 25. cxb7 Qe6 26. a4 Rb8 27. a5 Bd8 28. Qc5+ 1-0

[Event "GRE-ch U16 Girls"]
[Site "Achaia"]
[Date "2017.06.29"]
[Round "6"]
[White "Pramateftaki, Loukia"]
[Black "Kalyva, Kyriaki"]
[Result "1-0"]
[WhiteElo "1770"]
[BlackElo "1633"]
[PlyCount "99"]
[EventDate "2017.06.26"]
[EventType "swiss"]
[EventRounds "9"]
[EventCountry "GRE"]
[SourceTitle "CBM 179 Extra"]
[Source "ChessBase"]
[SourceDate "2017.08.23"]
[SourceVersion "1"]
[SourceVersionDate "2017.08.23"]
[SourceQuality "1"]

1. e4 c5 2. Nf3 Nc6 3. d4 cxd4 4. Nxd4 Nf6 5. Nc3 e5 6. Ndb5 d6 7. Bg5 a6 8. Na3 b5 9. Nd5 Be7 10. Bxf6 Bxf6 11. c3 0-0 12. Nc2 Bg5 13. Nce3 Be6 14. a4 Bxe3 15. Nxe3 b4 16. Bc4 bxc3 17. bxc3 Qa5 18. Qd2 Qc5 19. Bd5 Rac8 20. 0-0 Na5 21. Rab1 Bd7 22. Rfc1 Rb8 23. Rxb8 Rxb8 24. Qa2 Rf8 25. h3 Nc6 26. Qc4 Qxc4 27. Nxc4 Ne7 28. Nxd6 Nxd5 29. exd5 Bxa4 30. Ra1 Bb3 31. c4 Ra8 32. Ra3 Bc2 33. c5 Kf8 34. c6 Ke7 35. Nc4 Be4 36. Nb6 Re8 37. Ra4 Bf5 38. Rxa6 Kd6 39. Ra7 Rb8 40. Rxf7 Rxb6 41. Rxf5 Kxd5 42. c7 Rc6 43. Rf7 Kd6 44. Rxg7 Rxc7 45. Rxc7 Kxc7 46. g4 Kd6 47. Kg2 Ke6 48. Kf3 Kf6 49. Ke4 h6 50. h4 1-0

[Event "GRE-ch U16 Girls"]
[Site "Achaia"]
[Date "2017.06.28"]
[Round "4"]
[White "Kouta, Vasiliki"]
[Black "Pramateftaki, Loukia"]
[Result "0-1"]
[WhiteElo "1422"]
[BlackElo "1770"]
[PlyCount "68"]
[EventDate "2017.06.26"]
[EventType "swiss"]
[EventRounds "9"]
[EventCountry "GRE"]
[SourceTitle "CBM 179 Extra"]
[Source "ChessBase"]
[SourceDate "2017.08.23"]
[SourceVersion "1"]
[SourceVersionDate "2017.08.23"]
[SourceQuality "1"]

1. e4 c5 2. Nf3 Nc6 3. Bb5 e6 4. Bxc6 bxc6 5. d3 Ne7 6. c3 Ng6 7. Nbd2 Be7 8. Nb3 e5 9. Be3 d6 10. h3 0-0 11. 0-0 f5 12. exf5 Bxf5 13. Nh2 Bg5 14. Qd2 Nf4 15. Nc1 Qf6 16. Kh1 Qh6 17. Rg1 d5 18. Bxf4 Bxf4 19. Qe2 Rae8 20. Qd1 Bxh2 21. Kxh2 Qf4+ 22. Kh1 Qxf2 23. Rf1 Qxb2 24. Ne2 Qb5 25. Rf3 e4 26. dxe4 Bxe4 27. Rxf8+ Rxf8 28. Ng3 Qc4 29. Nxe4 Qxe4 30. Qd2 d4 31. Re1 Qd5 32. Rd1 Rd8 33. cxd4 cxd4 34. Kg1 d3 0-1

[Event "GRE-ch U16 Girls"]
[Site "Achaia"]
[Date "2017.06.27"]
[Round "2"]
[White "Bastianou, Chrysoula"]
[Black "Pramateftaki, Loukia"]
[Result "1/2-1/2"]
[WhiteElo "1643"]
[BlackElo "1770"]
[PlyCount "84"]
[EventDate "2017.06.26"]
[EventType "swiss"]
[EventRounds "9"]
[EventCountry "GRE"]
[SourceTitle "CBM 179 Extra"]
[Source "ChessBase"]
[SourceDate "2017.08.23"]
[SourceVersion "1"]
[SourceVersionDate "2017.08.23"]
[SourceQuality "1"]

1. c4 e6 2. g3 d5 3. Bg2 c6 4. Nf3 f5 5. Qc2 Nf6 6. 0-0 Bd6 7. b3 Qe7 8. Bb2 0-0 9. d3 Nbd7 10. Nbd2 f4 11. Rae1 e5 12. e4 fxe3 13. Rxe3 Ng4 14. Re2 Re8 15. h3 Nh6 16. Rfe1 Nf7 17. Nxe5 Ndxe5 18. d4 Qf6 19. dxe5 Bxe5 20. Bxe5 Rxe5 21. Rxe5 Nxe5 22. cxd5 Bd7 23. dxc6 Bxc6 24. Bxc6 Qxc6 25. Qxc6 Nxc6 26. Kg2 Rd8 27. Ne4 Nb4 28. Re2 h6 29. a3 Nc6 30. Rd2 Rxd2 31. Nxd2 Nd4 32. f4 Kf7 33. g4 g6 34. Kf2 Ke6 35. Ke3 Nc2+ 36. Ke4 Nxa3 37. f5+ Kf6 38. fxg6 Kxg6 39. Ke5 Nb5 40. h4 Nc7 41. Ne4 Na6 42. Kd6 Kf7 1/2-1/2

[Event "GRE-ch U20 Girls"]
[Site "Chania"]
[Date "2017.01.04"]
[Round "4.3"]
[White "Pramateftaki, Loukia"]
[Black "Karathanasi, Eirhnh"]
[Result "0-1"]
[WhiteElo "1727"]
[BlackElo "1666"]
[PlyCount "80"]
[EventDate "2017.01.02"]
[EventType "swiss"]
[EventRounds "9"]
[EventCountry "GRE"]
[SourceTitle "EXT 2024"]
[Source "ChessBase"]
[SourceDate "2023.10.10"]
[SourceVersion "1"]
[SourceVersionDate "2023.10.10"]
[SourceQuality "1"]

1. e4 c5 2. Nf3 d6 3. d4 cxd4 4. Nxd4 Nf6 5. Nc3 a6 6. g3 e6 7. Bg2 Be7 8. 0-0 Nbd7 9. a4 0-0 10. h3 Qc7 11. g4 Ne5 12. Nce2 Rb8 13. Ng3 b6 14. Ra3 Bb7 15. Rc3 Qd7 16. f4 Nc6 17. g5 Ne8 18. h4 Nc7 19. f5 f6 20. g6 Nxd4 21. gxh7+ Kxh7 22. Qxd4 b5 23. Nh5 Rh8 24. Rg3 Ne8 25. Rg6 Kg8 26. Qd1 Bf8 27. Qg4 Kf7 28. Nf4 e5 29. Ne6 Rh7 30. h5 Nc7 31. Bh3 d5 32. h6 Ne8 33. Rxf6+ Nxf6 34. Qg6+ Kg8 35. Rf3 Qe8 36. Bg5 Nxe4 37. Nxf8 Qxf8 38. f6 Nxg5 39. Rg3 Qxf6 40. Qxf6 gxf6 0-1

[Event "GRE-ch U20 Girls"]
[Site "Chania"]
[Date "2017.01.03"]
[Round "2.3"]
[White "Pramateftaki, Loukia"]
[Black "Karavitaki, Evaggelia"]
[Result "0-1"]
[WhiteElo "1727"]
[BlackElo "1597"]
[PlyCount "76"]
[EventDate "2017.01.02"]
[EventType "swiss"]
[EventRounds "9"]
[EventCountry "GRE"]
[SourceTitle "EXT 2024"]
[Source "ChessBase"]
[SourceDate "2023.10.10"]
[SourceVersion "1"]
[SourceVersionDate "2023.10.10"]
[SourceQuality "1"]

1. e4 c5 2. Nf3 e6 3. d4 cxd4 4. Nxd4 Nf6 5. Nc3 d6 6. g3 b6 7. Bg2 Bb7 8. 0-0 a6 9. g4 Be7 10. f4 Nfd7 11. g5 0-0 12. h4 g6 13. Nf3 Nc5 14. Ne1 b5 15. f5 Re8 16. f6 Bf8 17. Qg4 Nbd7 18. Qf4 Nb6 19. Nd3 Nxd3 20. cxd3 b4 21. Nd1 e5 22. Qf3 d5 23. h5 Rc8 24. hxg6 hxg6 25. Be3 dxe4 26. dxe4 Nc4 27. Rc1 Nxe3 28. Nxe3 Qd2 29. Rxc8 Rxc8 30. Rf2 Qc1+ 31. Kh2 Bc5 32. Qh3 Qxe3 33. Qh6 Bf8 34. Qh4 Rc1 35. Rf3 Qg1+ 36. Kg3 Qe1+ 37. Rf2 Rc2 38. Kf3 Bxe4+ 0-1

[Event "GRE-ch U20 Girls"]
[Site "Chania"]
[Date "2017.01.02"]
[Round "1.4"]
[White "Koukouraki, Hrisi"]
[Black "Pramateftaki, Loukia"]
[Result "0-1"]
[WhiteElo "1245"]
[BlackElo "1727"]
[PlyCount "64"]
[EventDate "2017.01.02"]
[EventType "swiss"]
[EventRounds "9"]
[EventCountry "GRE"]
[SourceTitle "EXT 2024"]
[Source "ChessBase"]
[SourceDate "2023.10.10"]
[SourceVersion "1"]
[SourceVersionDate "2023.10.10"]
[SourceQuality "1"]

1. e4 c5 2. Nf3 Nc6 3. d4 cxd4 4. Nxd4 Nf6 5. Nc3 e5 6. Nf3 Be7 7. Be2 d6 8. 0-0 0-0 9. Bg5 Be6 10. Bxf6 Bxf6 11. Nd5 Be7 12. Nxe7+ Qxe7 13. Bb5 Rac8 14. c3 Rfd8 15. Qe2 a6 16. Bd3 d5 17. exd5 Bxd5 18. Be4 Bxe4 19. Qxe4 Rd6 20. Rad1 Rcd8 21. Rxd6 Rxd6 22. Re1 f6 23. Qe2 Kf8 24. Rd1 f5 25. Rxd6 Qxd6 26. Qd2 Ke7 27. Qxd6+ Kxd6 28. Kf1 b5 29. Ke2 Kd5 30. Nd2 g5 31. Ke3 e4 32. f3 Ke5 0-1

[Event "Athens ChessSquare Autumn op"]
[Site "Athens"]
[Date "2016.10.08"]
[Round "5"]
[White "Pramateftaki, Loukia"]
[Black "Delithanasis, Dimitrios"]
[Result "0-1"]
[WhiteElo "1602"]
[BlackElo "2054"]
[PlyCount "80"]
[EventDate "2016.09.10"]
[EventType "swiss"]
[EventRounds "7"]
[EventCountry "GRE"]
[SourceTitle "EXT 2024"]
[Source "ChessBase"]
[SourceDate "2023.10.10"]
[SourceVersion "1"]
[SourceVersionDate "2023.10.10"]
[SourceQuality "1"]

1. e4 e5 2. Nf3 Nc6 3. Bc4 Nf6 4. Ng5 d5 5. exd5 b5 6. Bb3 Nd4 7. d6 Nxb3 8. dxc7 Qd5 9. axb3 Qxg2 10. Qf3 Qxf3 11. Nxf3 Bb7 12. Ke2 Bd6 13. Nc3 Bc6 14. Rxa7 0-0 15. Rxa8 Rxa8 16. Re1 Bxc7 17. d4 b4 18. Nxe5 Re8 19. Kf1 Bxe5 20. Rxe5 bxc3 21. Rxe8+ Nxe8 22. bxc3 Be4 23. b4 Bxc2 24. Ke2 Nd6 25. Bf4 Nc4 26. Bc7 Kf8 27. b5 Ke7 28. f3 Kd7 29. b6 Kc6 30. d5+ Kb7 31. d6 Nxb6 32. Ke3 Nd5+ 33. Kd4 Nxc7 34. dxc7 Kxc7 35. Kc5 g5 36. c4 Bd1 37. Kd5 Bxf3+ 38. Ke5 h5 39. Kf5 g4 40. Kg5 Kc6 0-1

[Event "Paleochora op 9th"]
[Site "Paleochora"]
[Date "2016.07.20"]
[Round "1"]
[White "Pramateftaki, Loukia"]
[Black "Frolyanov, Dmitry"]
[Result "0-1"]
[WhiteElo "1674"]
[BlackElo "2563"]
[PlyCount "56"]
[EventDate "2016.07.20"]
[EventType "swiss"]
[EventRounds "9"]
[EventCountry "GRE"]
[SourceTitle "EXT 2017"]
[Source "ChessBase"]
[SourceDate "2016.10.25"]
[SourceVersion "1"]
[SourceVersionDate "2016.10.25"]
[SourceQuality "1"]

1. e4 c5 2. Nf3 d6 3. d4 cxd4 4. Nxd4 Nf6 5. Nc3 a6 6. g3 e5 7. Nde2 Be7 8. Bg2 0-0 9. 0-0 b5 10. Nd5 Nbd7 11. Nec3 Bb7 12. a4 bxa4 13. Nxa4 Nxd5 14. exd5 f5 15. f4 Bf6 16. fxe5 Bxe5 17. Ra3 a5 18. Raf3 Ba6 19. R1f2 g6 20. Bf4 Qe7 21. Re3 Qg7 22. Bxe5 Nxe5 23. Rb3 Ng4 24. Rf4 g5 25. Rd4 Rae8 26. Rd2 Qa7+ 27. Kh1 Nf2+ 28. Rxf2 Qxf2 0-1

[Event "GRE-ch U16 Girls"]
[Site "Porto Rio"]
[Date "2016.07.03"]
[Round "8"]
[White "Anthopoulou, Ioanna"]
[Black "Pramateftaki, Loukia"]
[Result "0-1"]
[WhiteElo "1376"]
[BlackElo "1636"]
[PlyCount "86"]
[EventDate "2016.06.28"]
[EventType "swiss"]
[EventRounds "9"]
[EventCountry "GRE"]
[SourceTitle "CBM 173 Extra"]
[Source "ChessBase"]
[SourceDate "2016.08.29"]
[SourceVersion "1"]
[SourceVersionDate "2016.08.29"]
[SourceQuality "1"]

1. e4 c5 2. Nc3 Nc6 3. f4 g6 4. Nf3 Bg7 5. Bc4 e6 6. 0-0 Nge7 7. d3 d6 8. Qe1 Nd4 9. Nxd4 Bxd4+ 10. Kh1 0-0 11. Ne2 Bg7 12. Ng3 d5 13. Bb3 Re8 14. c3 b6 15. Bd2 Ba6 16. Rf3 dxe4 17. dxe4 Qc7 18. Qf2 Bb7 19. Re1 Rad8 20. Nf1 Rd6 21. Rh3 Qc6 22. f5 exf5 23. Bf4 Rdd8 24. Bg5 c4 25. Bc2 f6 26. Bh6 fxe4 27. Bxe4 Nd5 28. Qh4 Bxh6 29. Qxh6 Qd7 30. Qh4 Qf7 31. Rf3 g5 32. Qf2 Nf4 33. Bxb7 Rxe1 34. Qxe1 Qxb7 35. Ne3 Nd3 36. Qg3 Qf7 37. Nf5 Kh8 38. Nd6 Qe7 39. Nxc4 Nf2+ 40. Qxf2 Rd1+ 41. Qf1 Rxf1+ 42. Rxf1 Qe2 43. Rxf6 Qe1+ 0-1

[Event "GRE-ch U16 Girls"]
[Site "Porto Rio"]
[Date "2016.07.01"]
[Round "6"]
[White "Vazoura, Aphroditi Haralambi"]
[Black "Pramateftaki, Loukia"]
[Result "1-0"]
[WhiteElo "1275"]
[BlackElo "1636"]
[PlyCount "81"]
[EventDate "2016.06.28"]
[EventType "swiss"]
[EventRounds "9"]
[EventCountry "GRE"]
[SourceTitle "CBM 173 Extra"]
[Source "ChessBase"]
[SourceDate "2016.08.29"]
[SourceVersion "1"]
[SourceVersionDate "2016.08.29"]
[SourceQuality "1"]

1. c4 e6 2. g3 c6 3. Bg2 d5 4. cxd5 cxd5 5. Nf3 Nc6 6. 0-0 f5 7. d4 Bd6 8. Nc3 Nf6 9. a3 0-0 10. b4 Bd7 11. Bb2 Rc8 12. e3 Ne4 13. Rc1 g5 14. Nd2 Nxd2 15. Qxd2 Be8 16. Ne2 Rc7 17. f3 h5 18. e4 Rg7 19. exd5 exd5 20. f4 Bf7 21. fxg5 Rxg5 22. Rf2 Be6 23. Nf4 Bxf4 24. Rxf4 Rf6 25. Rcf1 Qe8 26. b5 Ne7 27. a4 Nc8 28. Qe2 Nb6 29. a5 Nc4 30. Bxd5 Nxb2 31. Bxe6+ Rxe6 32. Qxb2 Rf6 33. Qb3+ Kg7 34. Qd3 Qd7 35. h4 Rg4 36. Rxf5 Rxd4 37. Rg5+ Kf8 38. Rxf6+ Ke8 39. Qe3+ Kd8 40. Rf8+ Kc7 41. Rc5+ 1-0

[Event "GRE-ch U14 Girls"]
[Site "Rio Achaia"]
[Date "2015.07.02"]
[Round "7.3"]
[White "Pramateftaki, Loukia"]
[Black "Vozinaki, Anthi Maria"]
[Result "0-1"]
[WhiteElo "1555"]
[BlackElo "1819"]
[PlyCount "134"]
[EventDate "2015.06.26"]
[EventType "swiss"]
[EventRounds "7"]
[EventCountry "GRE"]
[SourceTitle "EXT 2024"]
[Source "ChessBase"]
[SourceDate "2023.10.10"]
[SourceVersion "1"]
[SourceVersionDate "2023.10.10"]
[SourceQuality "1"]

1. e4 c5 2. Nc3 e6 3. g3 a6 4. Bg2 b5 5. d3 Bb7 6. Be3 Nf6 7. f4 d5 8. e5 Nfd7 9. Nce2 Qc7 10. d4 c4 11. Nh3 Nc6 12. 0-0 Ne7 13. g4 h5 14. gxh5 Nf5 15. Rf3 Nh4 16. Rg3 Qd8 17. Qe1 Rxh5 18. Rg5 Rh8 19. Qf2 Qe7 20. Bd2 0-0-0 21. Ba5 Re8 22. Rg3 Nb8 23. b3 Nc6 24. Bb6 Qd7 25. Ng5 Nb4 26. Rh3 Ng6 27. Rxh8 Nxh8 28. Nc3 f6 29. Nh3 Nf7 30. a3 Nc6 31. Bf3 Be7 32. Re1 Nh6 33. b4 Nf5 34. Bg4 fxe5 35. Bxf5 exf5 36. fxe5 Qe6 37. Rf1 Qg6+ 38. Kh1 Nxb4 39. axb4 Qxb6 40. Qxf5+ Kb8 41. Qd7 Bc6 42. Qg4 Bxb4 43. Ne2 Qc7 44. Ng5 Re7 45. e6 Bd6 46. Rf7 b4 47. Qf3 a5 48. Ng3 Bxg3 49. Qxg3 Qxg3 50. hxg3 Re8 51. e7 Kc7 52. Ne6+ Kd7 53. Nc5+ Kd6 54. Rxg7 Rxe7 55. Rg6+ Kc7 56. Kg1 Re2 57. Na6+ Kb7 58. Nc5+ Kb6 59. g4 Kb5 60. g5 Rxc2 61. Rg8 c3 62. g6 Re2 63. g7 Kc4 64. Rf8 c2 65. g8Q c1Q+ 66. Rf1 Qe3+ 67. Kh1 Qh3+ 0-1

[Event "GRE-ch U12 Girls"]
[Site "Patras"]
[Date "2013.07.11"]
[Round "6.5"]
[White "Louka, Magdalini"]
[Black "Pramateftaki, Loukia"]
[Result "1/2-1/2"]
[WhiteElo "1220"]
[BlackElo "1304"]
[PlyCount "108"]
[EventDate "2013.07.08"]
[EventType "swiss"]
[EventRounds "9"]
[EventCountry "GRE"]
[SourceTitle "EXT 2024"]
[Source "ChessBase"]
[SourceDate "2023.10.10"]
[SourceVersion "1"]
[SourceVersionDate "2023.10.10"]
[SourceQuality "1"]

1. e4 e6 2. d4 d5 3. Nd2 dxe4 4. Nxe4 Nd7 5. Nf3 Ngf6 6. Ng3 Be7 7. Bd3 b6 8. 0-0 Bb7 9. Re1 c5 10. dxc5 Bxc5 11. Ne4 Nxe4 12. Bxe4 Bxe4 13. Rxe4 Nf6 14. Re1 Ng4 15. Qxd8+ Rxd8 16. Be3 Nxe3 17. fxe3 0-0 18. c3 a5 19. Nd4 Rd6 20. Nb3 Rc8 21. Nxc5 Rxc5 22. Rad1 Rcd5 23. Rxd5 Rxd5 24. Re2 Kf8 25. Kf1 Ke7 26. Ke1 h5 27. Rd2 Re5 28. Ke2 f5 29. Rd4 g5 30. g3 Rb5 31. b3 Rc5 32. c4 e5 33. Rd1 b5 34. cxb5 Rxb5 35. Rd3 Rc5 36. Kd2 Ke6 37. Rc3 Rd5+ 38. Rd3 Rb5 39. Ke2 f4 40. exf4 gxf4 41. gxf4 exf4 42. Rd4 Rb4 43. Rc4 Kd5 44. Rc3 Re4+ 45. Kf3 Rb4 46. h4 a4 47. bxa4 Rxa4 48. a3 Kd6 49. Rb3 Kc6 50. Rb4 Rxa3+ 51. Kxf4 Ra5 52. Ke3 Kc5 53. Rf4 Kd6 54. Rb4 Kd5 1/2-1/2

[Event "GRE-chT 40th"]
[Site "Achaia"]
[Date "2012.07.05"]
[Round "7.10"]
[White "Hristof, Petros"]
[Black "Pramateftaki, Loukia"]
[Result "0-1"]
[WhiteElo "1469"]
[BlackElo "1334"]
[PlyCount "72"]
[EventDate "2012.06.30"]
[EventType "team-swiss"]
[EventRounds "7"]
[EventCountry "GRE"]
[SourceTitle "CBM 149 Extra"]
[Source "ChessBase"]
[SourceDate "2012.08.24"]
[SourceVersion "1"]
[SourceVersionDate "2012.08.24"]
[SourceQuality "1"]
[WhiteTeam "Panathlitikos Sykeon"]
[BlackTeam "Korydallos"]
[WhiteTeamCountry "GRE"]
[BlackTeamCountry "GRE"]

1. Nf3 d5 2. g3 Nf6 3. Bg2 Nc6 4. d4 Bf5 5. c3 e6 6. 0-0 Bd6 7. Nbd2 0-0 8. Nh4 Bg6 9. Nxg6 fxg6 10. e4 dxe4 11. Nxe4 Nxe4 12. Bxe4 Qd7 13. Be3 Kh8 14. Qg4 Qf7 15. Rad1 Rae8 16. f4 Qf6 17. Qf3 Rb8 18. b4 a5 19. b5 Na7 20. c4 b6 21. a4 Bb4 22. g4 Rbd8 23. g5 Qe7 24. h4 Qf7 25. Kg2 Nc8 26. c5 Ne7 27. Qg4 Nd5 28. Bxd5 exd5 29. cxb6 cxb6 30. Bd2 Bxd2 31. Rxd2 Rc8 32. Qd1 Qf5 33. Kg3 Rc3+ 34. Kg2 Qh3+ 35. Kg1 Rg3+ 36. Kf2 Rxf4+ 0-1

[Event "GRE-chT 40th"]
[Site "Achaia"]
[Date "2012.07.01"]
[Round "2.3"]
[White "Pramateftaki, Loukia"]
[Black "Vozinaki, Anthi Maria"]
[Result "1/2-1/2"]
[WhiteElo "1334"]
[BlackElo "1437"]
[PlyCount "92"]
[EventDate "2012.06.30"]
[EventType "team-swiss"]
[EventRounds "7"]
[EventCountry "GRE"]
[SourceTitle "CBM 149 Extra"]
[Source "ChessBase"]
[SourceDate "2012.08.24"]
[SourceVersion "1"]
[SourceVersionDate "2012.08.24"]
[SourceQuality "1"]
[WhiteTeam "Korydallos"]
[BlackTeam "Chania ADA"]
[WhiteTeamCountry "GRE"]
[BlackTeamCountry "GRE"]

1. e4 c5 2. Nf3 e6 3. d4 cxd4 4. Nxd4 Nf6 5. Nc3 d6 6. Be2 a6 7. a4 b6 8. f4 Nbd7 9. 0-0 Bb7 10. Bf3 Qc7 11. Kh1 Rc8 12. Qe2 Qc4 13. Re1 Qxe2 14. Rxe2 Rc4 15. Nb3 Be7 16. Bd2 0-0 17. Rd1 b5 18. axb5 axb5 19. Na5 Rc7 20. Nxb7 Rxb7 21. e5 Nd5 22. Nxd5 exd5 23. exd6 Bxd6 24. Bxd5 Rc7 25. c3 Nb6 26. Be3 Bc5 27. Bxc5 Rxc5 28. Bb3 h6 29. Rde1 Nc4 30. Bxc4 Rxc4 31. Re5 b4 32. R5e4 Rfc8 33. Rxc4 Rxc4 34. cxb4 Rxb4 35. Re2 Rxf4 36. g3 Rf5 37. b4 f6 38. Rb2 Rb5 39. Kg2 Kf7 40. Kf3 Ke6 41. Ke4 f5+ 42. Kd4 Kd6 43. Kc4 Kc6 44. Ra2 Re5 45. b5+ Kb7 46. Ra6 Re4+ 1/2-1/2

[Event "GRE-ch U18 Girls"]
[Site "Nikaia"]
[Date "2012.01.07"]
[Round "7"]
[White "Pournara, Aikaterini"]
[Black "Pramateftaki, Loukia"]
[Result "0-1"]
[WhiteElo "1419"]
[BlackElo "1333"]
[PlyCount "74"]
[EventDate "2012.01.03"]
[EventType "swiss"]
[EventRounds "9"]
[EventCountry "GRE"]
[SourceTitle "CBM 146 Extra"]
[Source "ChessBase"]
[SourceDate "2012.02.29"]
[SourceVersion "1"]
[SourceVersionDate "2012.02.29"]
[SourceQuality "1"]

1. e4 e6 2. d4 d5 3. e5 c5 4. c3 Nc6 5. Nf3 Bd7 6. Bd3 Nge7 7. Bg5 h6 8. Bh4 g5 9. Bg3 Nf5 10. Bc2 Qb6 11. b3 cxd4 12. Bxf5 exf5 13. h3 dxc3 14. Nxc3 Bb4 15. Qd3 d4 16. Nxd4 Nxd4 17. Rd1 Bb5 18. Qd2 Qa5 19. Rc1 Rc8 20. Qb2 Bxc3+ 21. Rxc3 Qxc3+ 22. Qxc3 Rxc3 23. Kd2 Rc2+ 24. Ke3 f4+ 25. Bxf4 gxf4+ 26. Kxd4 Rxa2 27. Rf1 Bxf1 28. Kc3 Rxf2 29. Kd4 Ke7 30. Ke4 Bxg2+ 31. Kd4 Rd8+ 32. Kc4 Rc2+ 33. Kb4 Rdc8 34. Ka4 R8c6 35. Kb4 Rb6+ 36. Ka3 Bd5 37. Ka4 Ra2# 0-1

[Event "GRE-ch U18 Girls"]
[Site "Nikaia"]
[Date "2012.01.04"]
[Round "2"]
[White "Pramateftaki, Loukia"]
[Black "Andrianatou, Xanthoula"]
[Result "0-1"]
[WhiteElo "1333"]
[BlackElo "1005"]
[PlyCount "134"]
[EventDate "2012.01.03"]
[EventType "swiss"]
[EventRounds "9"]
[EventCountry "GRE"]
[SourceTitle "CBM 146 Extra"]
[Source "ChessBase"]
[SourceDate "2012.02.29"]
[SourceVersion "1"]
[SourceVersionDate "2012.02.29"]
[SourceQuality "1"]

1. e4 e5 2. Nf3 Nc6 3. c3 Nf6 4. d3 d5 5. Bg5 dxe4 6. Bxf6 gxf6 7. dxe4 Qxd1+ 8. Kxd1 Bg4 9. Nbd2 0-0-0 10. Kc2 Bh6 11. Rd1 f5 12. exf5 Bxf5+ 13. Kc1 Bg4 14. Bb5 e4 15. Bxc6 bxc6 16. Ne5 Bxd1 17. Rxd1 Rhg8 18. g3 Rxd2 19. Rxd2 Rd8 20. f4 exf3 21. Nxf3 Bxd2+ 22. Nxd2 Rd5 23. Ne4 Rf5 24. b4 Rf1+ 25. Kb2 f5 26. Ng5 Rf2+ 27. Kb3 Rxh2 28. a4 Rg2 29. Nxh7 Rxg3 30. Nf6 f4 31. Nh5 Rg4 32. Nf6 Rg2 33. Kc4 Re2 34. Ng4 Rg2 35. Nf6 f3 36. Kd3 Rb2 37. Ng4 f2 38. Nh2 Ra2 39. a5 c5 40. Ke3 cxb4 41. cxb4 Rb2 42. Kf3 Rxb4 43. Kxf2 Rb2+ 44. Kg3 Rxh2 45. Kxh2 Kb7 46. Kg2 Ka6 47. Kf2 Kxa5 48. Ke2 c5 49. Kd2 Kb5 50. Kc3 a5 51. Kb3 c4+ 52. Kc3 a4 53. Kc2 Kb4 54. Kb2 c3+ 55. Kc2 a3 56. Kb1 Kb3 57. Ka1 Kc2 58. Ka2 Kd2 59. Kxa3 c2 60. Kb4 c1Q 61. Kb3 Kd3 62. Kb4 Kd4 63. Kb3 Qc4+ 64. Kb2 Qc3+ 65. Kb1 Qd2 66. Ka1 Kc3 67. Kb1 Qb2# 0-1